000 00863nam a2200205Ia 4500
008 0000001983 sp a 0000000000spa00
090 _aPSP00 S65f
100 1 _aSomoza, Fernando
_d1927
245 1 0 _aFernando Somoza 1965-1975
_c/ fotografías Jesús González, Dominique Dernis, Luis Prades Perona
300 _a77 p.
_c/ 28 cm.
500 _aExposición realizada en la Sala Pablo Ruiz Picasso, Ministerio de Cultura, Madrid, Abril Mayo, 1983
600 0 0 _aSOMOZA, FERNANDO, 1927/
_xTRABAJOS PICTORICOS
650 1 4 _aARTE CONTEMPORANEO ESPAÑOL
650 1 4 _xCATALOGOS
650 1 4 _xEXPOSICIONES
650 1 4 _aPINTORES ESPAÑOLES
650 1 4 _aPINTURA ESPAÑOLA
700 1 _aGonzález, Jesus \ Dernis, Dominique \ Prades Perona, Luis
999 _c8208
_d8208
260 _aMadrid : Ministerio de Cultura. Dirección General de Bellas Artes y Archivos
_c1983